000 00351nam a2200121Ia 4500
008 240731s9999 xx 000 0 und d
022 _a1532-2289
245 0 _aSpectroscopy Letters : An International Journal for Rapid Communication
260 _bTaylor & Francis
856 _uhttps://www.tandfonline.com/loi/lstl20
942 _2ddc
942 _cTFEJ
999 _c79525
_d79525
945 _a1
_bMadushi Gamage
_c1
_dMadushi Gamage